|
|
|
|
| LEADER |
00000cam a2200000 a 4500 |
| 001 |
vtls011717548 |
| 003 |
SK-MaSNL |
| 005 |
20260301182427.0 |
| 008 |
180105s2017 xo a a 000 0 slo |
| 015 |
|
|
|a SNBA2017/12
|
| 020 |
|
|
|a 9788080885021
|q (leporelo)
|
| 040 |
|
|
|a SNK
|b slo
|c SNK
|e AACR2
|
| 041 |
1 |
|
|a slo
|h und
|
| 044 |
|
|
|a xo
|c SK
|
| 072 |
|
7 |
|a 0/9-053.2
|x Literatúra pre deti a mládež (náučná)
|2 konspekt
|
| 080 |
|
|
|a 316.346.32-053.4
|2 2011
|
| 080 |
|
|
|a 159.955
|2 2011
|
| 080 |
|
|
|a (0.05)
|2 2011
|
| 080 |
|
|
|a (0.025.2)
|2 2011
|
| 245 |
0 |
0 |
|a Moje domáce zvieratká
|b mám 2 roky
|c [preklad Monika Srnková]
|
| 246 |
3 |
0 |
|a Mám 2 roky
|
| 250 |
|
|
|a 1. vyd.
|
| 260 |
|
|
|a Bratislava
|b Matys
|c 2017
|
| 300 |
|
|
|a [14] s.
|b fareb. ilustr.
|c 16 x 15 cm
|
| 490 |
1 |
|
|a Bystré hlavičky
|
| 500 |
|
|
|a Kartónové listy s výrezmi
|
| 500 |
|
|
|a Názov z obalu
|
| 650 |
0 |
7 |
|a deti predškolského veku
|2 SNKPH
|9 4103
|
| 650 |
0 |
7 |
|a rozvoj myslenia
|2 SNKPH
|9 3967
|
| 650 |
0 |
7 |
|a Preschool children
|2 SNKPHeng
|9 306219
|
| 650 |
0 |
7 |
|a Development of thought
|2 SNKPHeng
|9 312971
|
| 655 |
|
7 |
|a publikácie pre deti
|2 SNKPH
|9 70148
|
| 655 |
|
7 |
|a leporelá
|2 SNKPH
|9 60414
|
| 655 |
|
7 |
|a Children's literature
|2 SNKPHeng
|9 276039
|
| 655 |
|
7 |
|a Picture books for children
|2 SNKPHeng
|9 277438
|
| 700 |
1 |
|
|a Srnková, Monika
|4 trl
|9 135381
|
| 830 |
|
0 |
|a Bystré hlavičky
|9 338039
|
| 919 |
|
|
|a 978-80-8088-502-1
|
| 958 |
|
|
|a DB
|
| 958 |
|
|
|a OP
|
| 999 |
|
|
|c 853639
|d 855569
|
| 952 |
|
|
|a SNK
|b SNK
|y PREZ
|7 0
|p 17A1304693
|o snkOSD 10018
|i snk2017/26100
|8 0
|0 0
|1 0
|4 0
|d 2017-11-24
|l 0
|r 2026-02-24 04:48:55
|w 2026-02-24
|
| 952 |
|
|
|a SNK
|b SNK
|y PREZ
|7 0
|p 17A1304694
|o snkOSD 10018 D1
|i snk2017/26101
|8 0
|0 0
|1 0
|4 0
|d 2017-11-24
|l 0
|r 2026-02-24 04:48:55
|w 2026-02-24
|